Normal view
MARC view
- Ryan, Kenneth J.
Entry Personal Name
001 - CONTROL NUMBER
- control field: 40001
003 - CONTROL NUMBER IDENTIFIER
- control field: OSt
005 - DATE AND TIME OF LATEST TRANSACTION
- control field: 20160517113432.0
008 - FIXED-LENGTH DATA ELEMENTS
- fixed length control field: 160517|| aca||aabn | a|a d
040 ## - CATALOGING SOURCE
- Original cataloging agency: OSt
100 1# - HEADING--PERSONAL NAME
- Personal name: Ryan, Kenneth J.
- Fuller form of name: (Kenneth James),
- Dates associated with a name: 1940-